00852nam a2200229 a 450000100060000000300080000600500170001400800410003103500320007204000310010404100080013508200200014310000280016324501490019126000320034030000350037250000870040750400480049465000180054265000420056065000200060233472BD-RjUL20211209052019.0140508s1948 nyu 001 0 eng d aoxf98315734a(BD-RjUL)33563 aHEIdBD-RjULbengcBD-RjUL aeng a302.3bLER 19481 aLewin, Kurtd1890-1947.10aResolving social conflicts :bselected papers on group dynamics /cby Kurt Lewin ; edited by Gertrud Weiss Lewin ; foreword by Gordon W. Allport aNew York :bHarper,cc1948. axviii, 230 p. :bill. ;c22 cm a"A publication of the Research Center for Group Dynamics, University of Michigan." aIncludes index and Bibliography: p. 217-220 0aSocial groups 0aSocial groupsxCross-cultural studies 0aSocial conflict